Передовой научно-технический и производственный опыт. 1959, №О-59-12: Опыт определения экономической эффективности автоматизированных линий холодной штамповки (Запись № 3717467)

Подробности
000 -МАРКЕР
контрольное поле 01651nam2a22002651 4500
001 - ИДЕНТИФИКАТОР ЗАПИСИ
контрольное поле RU\NLR\INFOCOMM29\5000124659
005 - ИДЕНТИФИКАТОР ВЕРСИИ
контрольное поле 20250617133157.0
035 ## - ДРУГИЕ СИСТЕМНЫЕ НОМЕРА
Идентификатор записи (NLR Aleph) 002632936
100 ## - ДАННЫЕ ОБЩЕЙ ОБРАБОТКИ
Данные общей обработки 20050217d1959 |||y0rusy50 ca
101 0# - ЯЗЫК РЕСУРСА
Язык текста, звукозаписи и т.д. русский
102 ## - СТРАНА ПУБЛИКАЦИИ ИЛИ ПРОИЗВОДСТВА
Страна публикации российская федерация
105 ## - ПОЛЕ КОДИРОВАННЫХ ДАННЫХ: ТЕКСТОВЫЕ МАТЕРИАЛЫ, МОНОГРАФИЧЕСКИЕ
Кодированные данные о монографическом текстовом документе y ||||000|y
200 1# - ЗАГЛАВИЕ И СВЕДЕНИЯ ОБ ОТВЕТСТВЕННОСТИ
Основное заглавие Опыт определения экономической эффективности автоматизированных линий холодной штамповки
Первые сведения об ответственности Г.А. Брянский и др.
210 ## - ПУБЛИКАЦИЯ, РАСПРОСТРАНЕНИЕ И ДР.
Дата издания, распространения и т.д. 1959
Место издания, распространения и т.д. Б. м.
225 1# - СЕРИЯ
Основное заглавие серии Тема 50. Методы определения эффективности внедрения новой техники и технологии производства
Обозначение тома №3
461 #0 - УРОВЕНЬ НАБОРА
Встроенное поле 001RU\NLR\INFOCOMM29\5000124366
-- 2001#$aПередовой научно-технический и производственный опыт$iЭкономика и организация производства$fАкад. наук СССР. Филиал Всесоюз. ин-та науч. и техн. информации$v1959, №О-59-12
Системный номер (АБИС) связанной записи 3716532
Место публикации М.
Дата публикации 1958-
Первые сведения об ответственности Акад. наук СССР. Филиал Всесоюз. ин-та науч. и техн. информации
Заглавие части Экономика и организация производства
Заглавие Передовой научно-технический и производственный опыт
Номер тома 1959, №О-59-12
700 #1 - ИМЯ ЛИЦА - ПЕРВИЧНАЯ ОТВЕТСТВЕННОСТЬ
Начальный элемент ввода Брянский
Часть имени, кроме начального элемента ввода Г.А.
Код отношения Автор
801 #1 - ИСТОЧНИК ЗАПИСИ
Страна российская федерация
Организация InfoComm
Дата составления 20050217
801 #0 - ИСТОЧНИК ЗАПИСИ
Страна российская федерация
Организация NLR
Правила каталогизации PSBO
852 ## - МЕСТОНАХОЖДЕНИЕ И ШИФР ХРАНЕНИЯ
Идентификатор организации NLR
Шифр хранения (Call Number) П11/1540
942 ## - ДОПОЛНИТЕЛЬНЫЕ ЭЛЕМЕНТЫ ЗАПИСИ (АБИС)
Тип экземпляра АБИС Выпуск
980 ## - КОЛЛЕКЦИЯ
Название коллекции Национальная библиография
980 ## - КОЛЛЕКЦИЯ
Название коллекции Русская периодика

Нет доступных экземпляров.